00504nam a2200193 a 4500001001300000003000900013005001700022008004100039020001000080082001700090100001800107245005700125260004000182300000900222500003500231505001000266650001600276700001800292nice12345678IN_TiNIC20260116011446.0050524s1870 lona grp 000 0 eng  ac10000a340.59bABU1 aAbu Haneefa,  aHedaya Or Guideb a Commentary on the Mussulman Laws aLondonbWm. H.. Allen and Co.c1870 a783p aincludes index and biblioraphy2 aIndex aIslamic-Law1 aAbu Haneefa,